[Event "DEM U12 2025"]
[Site "Willingen GER"]
[Date "2025.06.08"]
[Round "1"]
[White "Fels, Mattis"]
[Black "Gersemann, Karl"]
[Result "0-1"]
[Termination "normal"]
[Board "10"]
[WhiteElo "1758"]
[BlackElo "1982"]
[WhiteClock "00:30:00"]
[BlackClock "00:56:12"]
[PlyCount "78"]
[WhiteFideId "34623795"]
[BlackFideId "34602186"]
[EventCountry "GER"]
[EventRounds "9"]
[EventType "swiss"]
[EventDate "2025.06.07"]

1. d4 {[%clk 01:30:59]} {[%emt 00:00:01]} Nf6 {[%clk 01:30:52]} {[%emt
00:00:07]} 2. Nc3 {[%clk 01:31:23]} {[%emt 00:00:07]} c5 {[%clk 01:31:18]}
{[%emt 00:00:04]} 3. d5 {[%clk 01:30:11]} {[%emt 00:01:43]} d6 {[%clk
01:31:20]} {[%emt 00:00:26]} 4. e4 {[%clk 01:29:27]} {[%emt 00:01:16]} g6
{[%clk 01:31:34]} {[%emt 00:00:14]} 5. Be2 {[%clk 01:22:23]} {[%emt 00:07:35]}
Bg7 {[%clk 01:31:44]} {[%emt 00:00:19]} 6. Nf3 {[%clk 01:22:14]} {[%emt
00:00:40]} O-O {[%clk 01:30:47]} {[%emt 00:01:25]} 7. O-O {[%clk 01:21:46]}
{[%emt 00:01:00]} Na6 {[%clk 01:30:58]} {[%emt 00:00:17]} 8. Nd2 {[%clk
01:20:53]} {[%emt 00:01:25]} Nc7 {[%clk 01:30:08]} {[%emt 00:01:18]} 9. a4
{[%clk 01:14:50]} {[%emt 00:06:36]} a6 {[%clk 01:29:44]} {[%emt 00:00:52]} 10.
Nc4 {[%clk 01:13:27]} {[%emt 01:10:41]} Rb8 {[%clk 01:27:43]} 11. a5 {[%clk
00:43:49]} Nb5 {[%clk 01:27:45]} 12. Bd3 {[%clk 00:40:43]} Nxc3 {[%clk
01:23:01]} 13. bxc3 {[%clk 00:41:10]} Ne8 {[%clk 01:16:44]} 14. Be2 {[%clk
00:30:34]} Bxc3 {[%clk 01:14:19]} 15. Ra3 {[%clk 00:30:41]} Bg7 {[%clk
01:14:08]} 16. Bd2 {[%clk 00:24:51]} {[%emt 00:01:25]} Nf6 {[%clk 01:13:55]}
{[%emt 00:00:41]} 17. Re3 {[%clk 00:19:35]} {[%emt 00:05:49]} Bh6 {[%clk
00:59:00]} {[%emt 00:15:24]} 18. Ra3 {[%clk 00:07:41]} {[%emt 00:12:24]} Bxd2
{[%clk 00:59:20]} {[%emt 00:00:09]} 19. Nxd2 {[%clk 00:08:03]} {[%emt
00:00:08]} Bd7 {[%clk 00:54:38]} {[%emt 00:05:12]} 20. f4 {[%clk 00:06:41]}
{[%emt 00:01:53]} e6 {[%clk 00:45:11]} {[%emt 00:09:56]} 21. Kh1 {[%clk
00:01:58]} {[%emt 00:05:14]} exd5 {[%clk 00:44:20]} {[%emt 00:01:20]} 22. exd5
{[%clk 00:02:09]} {[%emt 00:00:20]} Re8 {[%clk 00:43:26]} {[%emt 00:01:22]} 23.
Bf3 {[%clk 00:02:07]} {[%emt 00:00:34]} Bb5 {[%clk 00:41:53]} {[%emt 00:02:01]}
24. Re1 {[%clk 00:02:12]} {[%emt 00:00:27]} Rxe1+ {[%clk 00:40:53]} {[%emt
00:01:30]} 25. Qxe1 {[%clk 00:02:38]} {[%emt 00:00:04]} Qc7 {[%clk 00:40:06]}
{[%emt 00:01:14]} 26. c4 {[%clk 00:01:39]} {[%emt 00:01:32]} Bd7 {[%clk
00:40:26]} {[%emt 00:00:08]} 27. Qh4 {[%clk 00:00:59]} {[%emt 00:01:13]} Kg7
{[%clk 00:37:23]} {[%emt 00:03:30]} 28. g4 {[%clk 00:00:57]} {[%emt 00:00:34]}
Re8 {[%clk 00:28:15]} {[%emt 00:09:38]} 29. g5 {[%clk 00:01:01]} {[%emt
00:00:27]} Ng8 {[%clk 00:28:23]} {[%emt 00:00:20]} 30. Ne4 {[%emt 00:01:44]}
Bf5 {[%clk 00:27:26]} 31. Nf6 {[%clk 00:01:04]} {[%emt 00:00:41]} Nxf6 {[%clk
00:27:41]} {[%emt 00:00:13]} 32. gxf6+ {[%clk 00:01:01]} {[%emt 00:00:35]} Kh8
{[%clk 00:28:05]} {[%emt 00:00:05]} 33. Qh6 {[%clk 00:01:24]} {[%emt 00:00:07]}
Rg8 {[%clk 00:28:31]} {[%emt 00:00:04]} 34. Re3 {[%clk 00:01:49]} {[%emt
00:00:07]} Qxa5 {[%clk 00:27:50]} {[%emt 00:01:10]} 35. Kg2 {[%clk 00:01:37]}
{[%emt 00:00:42]} Qa1 {[%clk 00:27:04]} {[%emt 00:01:15]} 36. Qh4 {[%clk
00:01:12]} {[%emt 00:00:55]} Qd4 {[%clk 00:25:25]} {[%emt 00:02:09]} 37. Re7
{[%clk 00:01:08]} {[%emt 00:00:35]} g5 {[%clk 00:25:39]} {[%emt 00:00:15]} 38.
Qg3 {[%clk 00:00:39]} {[%emt 00:01:00]} Qxf6 {[%clk 00:25:56]} {[%emt
00:00:12]} 39. Re2 {[%clk 00:30:00]} {[%emt 00:00:40]} gxf4 {[%clk 00:56:12]}
{[%emt 00:00:13]} 0-1

[Event "DEM U12 2025"]
[Site "Willingen GER"]
[Date "2025.06.08"]
[Round "1"]
[White "Naumann, Lennart"]
[Black "Varazi, Maxime"]
[Result "1-0"]
[Termination "normal"]
[Board "11"]
[WhiteElo "1820"]
[BlackElo "1775"]
[WhiteClock "00:32:34"]
[BlackClock "00:29:25"]
[PlyCount "73"]
[WhiteFideId "34644830"]
[BlackFideId "34618929"]
[EventCountry "GER"]
[EventRounds "9"]
[EventType "swiss"]
[EventDate "2025.06.07"]

1. e4 {[%clk 01:30:59]} e5 {[%clk 01:30:47]} {[%emt 00:00:14]} 2. Nf3 {[%clk
01:31:24]} {[%emt 00:00:05]} Nc6 {[%clk 01:31:04]} {[%emt 00:00:12]} 3. Nc3
{[%clk 01:31:43]} {[%emt 00:00:11]} Nf6 {[%clk 01:30:56]} {[%emt 00:00:39]} 4.
a3 {[%clk 01:31:58]} {[%emt 00:00:14]} d6 {[%clk 01:26:17]} {[%emt 00:05:10]}
5. Bb5 {[%clk 01:30:21]} {[%emt 00:02:07]} Bg4 {[%clk 01:23:58]} {[%emt
00:02:48]} 6. h3 {[%clk 01:21:08]} {[%emt 00:09:42]} Bxf3 {[%clk 01:22:09]}
{[%emt 00:02:21]} 7. Qxf3 {[%clk 01:21:31]} {[%emt 00:00:07]} a6 {[%clk
01:22:22]} {[%emt 00:00:17]} 8. Ba4 {[%clk 01:21:17]} {[%emt 00:00:42]} Be7
{[%emt 01:11:09]} 9. O-O {[%clk 01:20:07]} O-O {[%clk 01:20:59]} 10. Ne2 {[%clk
01:12:49]} d5 {[%clk 01:15:56]} 11. Bxc6 {[%clk 01:08:40]} bxc6 {[%clk
01:16:13]} 12. d3 {[%clk 01:08:32]} Qd7 {[%clk 01:08:44]} 13. Ng3 {[%clk
01:07:19]} Ne8 {[%clk 01:04:14]} 14. Nf5 {[%clk 01:02:10]} dxe4 {[%clk
01:03:33]} 15. dxe4 Nd6 {[%clk 01:03:42]} 16. Rd1 {[%clk 00:59:56]} Qe6 17. b3
{[%clk 00:47:26]} Nxf5 {[%clk 01:01:56]} 18. exf5 {[%clk 00:47:48]} Qf6 {[%clk
01:01:41]} 19. Bb2 {[%clk 00:47:03]} Bd6 {[%clk 01:01:43]} 20. Qe4 Rab8 {[%clk
00:55:33]} {[%emt 00:04:07]} 21. Re1 {[%clk 00:43:36]} {[%emt 00:02:13]} Rfe8
{[%clk 00:48:10]} {[%emt 00:07:55]} 22. f4 {[%clk 00:42:24]} {[%emt 00:01:40]}
Qh6 {[%clk 00:42:22]} {[%emt 00:06:20]} 23. fxe5 {[%clk 00:38:31]} {[%emt
00:04:38]} Bc5+ {[%clk 00:36:39]} {[%emt 00:06:13]} 24. Kh1 {[%clk 00:38:15]}
{[%emt 00:00:45]} Rbd8 {[%clk 00:34:30]} {[%emt 00:02:40]} 25. Qg4 {[%clk
00:35:21]} {[%emt 00:03:22]} Rd5 {[%clk 00:30:15]} {[%emt 00:04:47]} 26. Bc1
{[%clk 00:34:30]} {[%emt 00:01:19]} Rd4 {[%clk 00:29:42]} {[%emt 00:01:05]} 27.
Bxh6 {[%clk 00:34:10]} {[%emt 00:00:49]} Rxg4 {[%clk 00:30:07]} {[%emt
00:00:06]} 28. hxg4 {[%clk 00:34:28]} {[%emt 00:00:11]} gxh6 {[%clk 00:30:33]}
{[%emt 00:00:04]} 29. Rad1 {[%clk 00:34:22]} {[%emt 00:00:38]} Bf2 {[%clk
00:30:19]} {[%emt 00:00:43]} 30. Re2 {[%clk 00:34:33]} {[%emt 00:00:19]} Bg3
{[%clk 00:30:42]} {[%emt 00:00:07]} 31. f6 {[%clk 00:34:41]} {[%emt 00:00:22]}
Kf8 {[%clk 00:30:28]} {[%emt 00:00:44]} 32. Rd3 {[%clk 00:34:00]} {[%emt
00:01:10]} Bf4 {[%clk 00:30:28]} {[%emt 00:00:29]} 33. Rd7 {[%clk 00:33:48]}
{[%emt 00:00:42]} a5 {[%clk 00:28:32]} {[%emt 00:02:28]} 34. Rxc7 {[%clk
00:33:18]} {[%emt 00:00:59]} Rd8 {[%clk 00:28:50]} {[%emt 00:00:12]} 35. g3
{[%clk 00:32:43]} {[%emt 00:01:04]} Bxg3 {[%clk 00:29:11]} {[%emt 00:00:10]}
36. Kg2 {[%clk 00:32:55]} {[%emt 00:00:17]} Bf4 {[%clk 00:29:25]} {[%emt
00:00:17]} 37. Rxc6 {[%clk 00:32:34]} {[%emt 00:00:51]} 1-0

[Event "DEM U12 2025"]
[Site "Willingen GER"]
[Date "2025.06.08"]
[Round "1"]
[White "Beier, Martin"]
[Black "Chakhalov, Mikael"]
[Result "1-0"]
[Termination "normal"]
[Board "12"]
[WhiteElo "1781"]
[BlackElo "1902"]
[WhiteClock "00:08:57"]
[BlackClock "00:02:32"]
[PlyCount "77"]
[WhiteFideId "34631879"]
[BlackFideId "34644458"]
[EventCountry "GER"]
[EventRounds "9"]
[EventType "swiss"]
[EventDate "2025.06.07"]

1. e4 {[%clk 01:30:59]} c5 {[%clk 01:30:03]} {[%emt 00:00:57]} 2. Nf3 {[%clk
01:31:10]} {[%emt 00:00:19]} Nf6 {[%clk 01:30:25]} {[%emt 00:00:08]} 3. e5
{[%clk 01:29:38]} {[%emt 00:02:02]} Nd5 {[%clk 01:30:50]} {[%emt 00:00:05]} 4.
Nc3 {[%clk 01:26:01]} {[%emt 00:04:06]} Nxc3 {[%clk 01:31:13]} {[%emt
00:00:08]} 5. dxc3 {[%clk 01:25:09]} {[%emt 00:01:21]} Nc6 {[%clk 01:31:32]}
{[%emt 00:00:12]} 6. Bc4 {[%clk 01:18:00]} {[%emt 00:07:38]} e6 {[%clk
01:26:19]} {[%emt 00:05:43]} 7. Bg5 {[%clk 01:09:49]} {[%emt 01:13:15]} Qb6
{[%clk 01:22:55]} 8. Rb1 {[%clk 01:04:57]} Qc7 {[%clk 01:20:24]} 9. Qe2 {[%clk
01:00:51]} a6 {[%clk 01:18:15]} 10. Bd3 {[%clk 00:47:25]} b5 {[%clk 01:16:03]}
11. c4 {[%clk 00:44:06]} b4 {[%clk 01:13:32]} 12. O-O {[%clk 00:38:22]} h6 13.
Bh4 {[%clk 00:38:50]} Bb7 {[%clk 01:07:50]} 14. Rfd1 {[%clk 00:34:23]} g5
{[%clk 00:58:03]} {[%emt 00:06:37]} 15. Bg3 {[%clk 00:30:21]} {[%emt 00:04:33]}
Bg7 {[%clk 00:48:19]} {[%emt 00:10:13]} 16. Re1 {[%clk 00:21:09]} {[%emt
00:09:42]} O-O-O {[%clk 00:42:36]} {[%emt 00:06:13]} 17. c3 {[%clk 00:17:45]}
{[%emt 00:03:55]} a5 {[%clk 00:38:52]} {[%emt 00:04:14]} 18. Qe3 {[%clk
00:13:01]} {[%emt 00:05:12]} Ne7 {[%clk 00:35:11]} {[%emt 00:04:11]} 19. Be4
{[%clk 00:12:40]} {[%emt 00:00:52]} Nf5 {[%clk 00:34:15]} {[%emt 00:01:26]} 20.
Bxf5 {[%clk 00:11:50]} {[%emt 00:01:19]} exf5 {[%clk 00:34:36]} {[%emt
00:00:10]} 21. Nxg5 {[%clk 00:10:03]} {[%emt 00:02:17]} hxg5 {[%clk 00:34:59]}
{[%emt 00:00:07]} 22. Qxg5 {[%clk 00:10:25]} {[%emt 00:00:07]} Qc6 {[%clk
00:29:24]} {[%emt 00:06:02]} 23. f3 {[%clk 00:09:51]} {[%emt 00:01:08]} Qg6
{[%clk 00:29:33]} {[%emt 00:00:21]} 24. Qe3 {[%clk 00:09:50]} {[%emt 00:00:31]}
Bf8 {[%clk 00:29:39]} {[%emt 00:00:24]} 25. e6 {[%clk 00:08:54]} {[%emt
00:01:27]} dxe6 {[%clk 00:29:45]} {[%emt 00:00:23]} 26. Rbd1 {[%clk 00:07:35]}
{[%emt 00:01:50]} e5 {[%clk 00:05:38]} {[%emt 00:24:36]} 27. Rxd8+ {[%clk
00:07:09]} {[%emt 00:00:56]} Kxd8 {[%clk 00:05:22]} {[%emt 00:00:46]} 28. Qxe5
{[%clk 00:07:23]} {[%emt 00:00:16]} Bd6 {[%clk 00:01:21]} {[%emt 00:04:30]} 29.
Qxh8+ {[%clk 00:07:06]} {[%emt 00:00:47]} Kc7 {[%clk 00:01:46]} {[%emt
00:00:06]} 30. Bxd6+ {[%clk 00:07:16]} {[%emt 00:00:21]} Qxd6 {[%clk 00:02:13]}
{[%emt 00:00:02]} 31. Qe5 {[%clk 00:07:36]} {[%emt 00:00:09]} Ba6 {[%clk
00:02:13]} {[%emt 00:00:31]} 32. Qxd6+ {[%clk 00:07:23]} {[%emt 00:00:43]} Kxd6
{[%clk 00:02:41]} {[%emt 00:00:02]} 33. cxb4 {[%clk 00:07:39]} {[%emt
00:00:14]} cxb4 {[%clk 00:02:59]} {[%emt 00:00:41]} 34. b3 {[%clk 00:08:27]}
{[%emt 00:00:13]} a4 {[%clk 00:02:20]} {[%emt 00:01:08]} 35. h4 {[%clk
00:08:36]} {[%emt 00:00:22]} axb3 {[%clk 00:02:03]} {[%emt 00:00:46]} 36. axb3
{[%clk 00:08:58]} {[%emt 00:00:09]} Bc8 {[%clk 00:02:07]} {[%emt 00:00:26]} 37.
Kf2 {[%clk 00:09:17]} {[%emt 00:00:10]} f4 {[%clk 00:02:24]} {[%emt 00:00:13]}
38. Re4 {[%clk 00:09:22]} {[%emt 00:00:23]} Bf5 {[%clk 00:02:32]} {[%emt
00:00:24]} 39. h5 {[%clk 00:08:57]} {[%emt 00:00:56]} 1-0

[Event "DEM U12 2025"]
[Site "Willingen GER"]
[Date "2025.06.08"]
[Round "1"]
[White "Aguike, Toshiya"]
[Black "Vilain, Philip"]
[Result "1-0"]
[Termination "normal"]
[Board "13"]
[WhiteElo "1953"]
[BlackElo "1791"]
[WhiteClock "00:33:28"]
[BlackClock "00:18:57"]
[PlyCount "67"]
[WhiteFideId "34611347"]
[BlackFideId "34662820"]
[EventCountry "GER"]
[EventRounds "9"]
[EventType "swiss"]
[EventDate "2025.06.07"]

1. e4 {[%clk 01:30:54]} {[%emt 00:00:06]} e6 {[%clk 01:30:49]} {[%emt
00:00:12]} 2. d4 {[%clk 01:31:16]} {[%emt 00:00:07]} d5 {[%clk 01:31:09]}
{[%emt 00:00:09]} 3. e5 {[%clk 01:31:13]} {[%emt 00:00:33]} c5 {[%clk
01:31:16]} {[%emt 00:00:24]} 4. c3 {[%clk 01:31:27]} {[%emt 00:00:16]} Nc6
{[%clk 01:31:01]} {[%emt 00:00:45]} 5. Nf3 {[%clk 01:31:02]} {[%emt 00:00:55]}
Qb6 {[%clk 01:30:47]} {[%emt 00:00:44]} 6. Bd3 {[%clk 01:28:59]} {[%emt
00:02:32]} Bd7 {[%clk 01:30:21]} {[%emt 00:00:55]} 7. dxc5 {[%clk 01:27:19]}
{[%emt 00:02:12]} Bxc5 {[%clk 01:29:21]} {[%emt 00:01:31]} 8. O-O {[%clk
01:27:34]} {[%emt 00:00:14]} a5 {[%clk 01:26:11]} {[%emt 00:03:40]} 9. a4
{[%clk 01:23:58]} {[%emt 00:04:06]} Nge7 {[%clk 01:25:32]} {[%emt 00:01:08]}
10. Nbd2 {[%clk 01:20:01]} {[%emt 00:04:27]} Ng6 {[%clk 01:23:40]} {[%emt
00:02:22]} 11. Bxg6 {[%clk 01:20:16]} {[%emt 00:00:15]} hxg6 {[%clk 01:23:58]}
{[%emt 00:00:13]} 12. Nb3 {[%clk 01:19:01]} {[%emt 00:01:43]} Be7 {[%clk
01:22:31]} {[%emt 00:01:58]} 13. Be3 {[%clk 01:12:42]} {[%emt 00:06:50]} Qc7
{[%clk 01:21:12]} {[%emt 00:01:49]} 14. Bd4 {[%clk 01:10:23]} {[%emt 00:02:49]}
Rc8 {[%clk 01:14:45]} {[%emt 00:06:56]} 15. Qd3 {[%clk 01:06:53]} {[%emt
00:04:01]} b6 {[%clk 01:09:41]} {[%emt 00:05:34]} 16. Rfc1 {[%clk 01:04:19]}
{[%emt 00:03:03]} O-O {[%clk 01:03:33]} {[%emt 00:06:38]} 17. Qe3 {[%clk
01:00:12]} {[%emt 00:04:37]} Nxd4 {[%clk 01:00:59]} {[%emt 00:03:03]} 18. cxd4
{[%clk 00:58:50]} {[%emt 00:01:53]} Qb7 {[%clk 00:59:36]} {[%emt 00:01:53]} 19.
Ne1 {[%clk 00:46:07]} {[%emt 00:13:13]} Rxc1 {[%clk 00:56:56]} {[%emt
00:03:12]} 20. Nxc1 {[%clk 00:45:59]} {[%emt 00:00:36]} Rc8 {[%clk 00:56:30]}
{[%emt 00:00:57]} 21. Ncd3 {[%clk 00:45:54]} {[%emt 00:00:35]} Rc4 {[%clk
00:54:13]} {[%emt 00:02:45]} 22. b3 {[%clk 00:44:09]} {[%emt 00:02:17]} Rc3
{[%clk 00:50:37]} {[%emt 00:04:06]} 23. Qd2 {[%clk 00:41:59]} {[%emt 00:02:39]}
Bb4 {[%clk 00:47:54]} {[%emt 00:03:12]} 24. Nxb4 {[%clk 00:40:45]} {[%emt
00:01:46]} axb4 {[%clk 00:48:15]} {[%emt 00:00:09]} 25. Rb1 {[%clk 00:41:10]}
{[%emt 00:00:05]} Qa6 {[%clk 00:35:31]} {[%emt 00:13:14]} 26. f3 {[%clk
00:39:35]} {[%emt 00:02:04]} b5 {[%clk 00:29:43]} {[%emt 00:06:19]} 27. Nd3
{[%clk 00:37:05]} {[%emt 00:02:59]} Qa5 {[%clk 00:28:58]} {[%emt 00:01:16]} 28.
Nc5 {[%clk 00:36:33]} {[%emt 00:01:03]} Bc6 {[%clk 00:26:51]} {[%emt 00:02:36]}
29. axb5 {[%clk 00:35:51]} {[%emt 00:01:12]} Bxb5 {[%clk 00:26:07]} {[%emt
00:01:14]} 30. Qb2 {[%clk 00:35:27]} {[%emt 00:00:53]} Bd3 {[%clk 00:22:36]}
{[%emt 00:04:00]} 31. Ra1 {[%clk 00:34:48]} {[%emt 00:01:10]} Qb5 {[%clk
00:22:04]} {[%emt 00:01:02]} 32. Qd2 {[%clk 00:34:37]} {[%emt 00:00:40]} Bc2
{[%clk 00:19:20]} {[%emt 00:03:16]} 33. Ra8+ {[%clk 00:33:13]} {[%emt
00:01:54]} Kh7 {[%clk 00:18:57]} {[%emt 00:00:51]} 34. Qg5 {[%clk 00:33:28]}
{[%emt 00:00:16]} 1-0

[Event "DEM U12 2025"]
[Site "Willingen GER"]
[Date "2025.06.08"]
[Round "1"]
[White "Wettstein, Levin"]
[Black "Steinbrenner, Peter"]
[Result "1/2-1/2"]
[Termination "normal"]
[Board "14"]
[WhiteElo "1760"]
[BlackElo "1908"]
[WhiteClock "00:01:40"]
[BlackClock "00:01:15"]
[PlyCount "87"]
[WhiteFideId "34635866"]
[BlackFideId "34645535"]
[EventCountry "GER"]
[EventRounds "9"]
[EventType "swiss"]
[EventDate "2025.06.07"]

1. e4 {[%clk 01:30:57]} {[%emt 00:00:01]} c5 {[%clk 01:30:51]} {[%emt
00:00:11]} 2. Nc3 {[%clk 01:31:20]} {[%emt 00:00:06]} a6 {[%clk 01:31:10]}
{[%emt 00:00:11]} 3. Nf3 {[%clk 01:31:42]} {[%emt 00:00:08]} d6 {[%clk
01:31:30]} {[%emt 00:00:11]} 4. d4 {[%clk 01:31:37]} {[%emt 00:00:35]} cxd4
{[%clk 01:31:54]} {[%emt 00:00:05]} 5. Nxd4 {[%clk 01:31:57]} {[%emt 00:00:09]}
Nf6 {[%clk 01:32:17]} {[%emt 00:00:08]} 6. Bd3 {[%clk 01:31:03]} {[%emt
00:01:24]} e5 {[%clk 01:30:32]} {[%emt 00:02:15]} 7. Nf5 {[%clk 01:30:00]}
{[%emt 00:01:33]} d5 {[%clk 01:20:58]} {[%emt 00:10:04]} 8. Nxd5 {[%clk
01:16:35]} {[%emt 00:13:55]} Nxd5 {[%clk 01:14:57]} {[%emt 00:06:30]} 9. exd5
{[%clk 01:15:59]} {[%emt 00:01:06]} Qxd5 {[%clk 01:08:36]} {[%emt 00:06:52]}
10. O-O {[%clk 01:10:26]} {[%emt 00:06:02]} Be6 {[%clk 00:58:20]} {[%emt
00:10:47]} 11. Re1 {[%clk 01:05:20]} {[%emt 00:05:35]} Nd7 {[%clk 00:54:07]}
{[%emt 00:04:44]} 12. Ng3 {[%clk 00:56:24]} {[%emt 00:09:25]} Nc5 {[%clk
00:39:24]} {[%emt 00:15:14]} 13. Be4 {[%clk 00:51:02]} {[%emt 00:05:51]} Nxe4
{[%clk 00:34:08]} {[%emt 00:05:45]} 14. Qxd5 {[%clk 00:49:53]} {[%emt
00:01:39]} Bxd5 {[%clk 00:33:51]} {[%emt 00:00:48]} 15. Nxe4 {[%clk 00:49:08]}
{[%emt 00:01:15]} Be7 {[%clk 00:28:54]} {[%emt 00:05:27]} 16. Nc3 {[%clk
00:47:35]} {[%emt 00:02:03]} Be6 {[%clk 00:28:40]} {[%emt 00:00:44]} 17. Rxe5
{[%clk 00:39:09]} {[%emt 00:08:56]} Bf6 {[%clk 00:28:59]} {[%emt 00:00:11]} 18.
Re3 {[%clk 00:38:21]} {[%emt 00:01:17]} Rd8 {[%clk 00:28:39]} {[%emt 00:00:51]}
19. h3 {[%clk 00:38:08]} {[%emt 00:00:43]} O-O {[%clk 00:28:02]} {[%emt
00:01:07]} 20. Rf3 {[%clk 00:29:09]} {[%emt 00:09:29]} b5 {[%clk 00:21:27]}
{[%emt 00:07:05]} 21. Bf4 {[%clk 00:24:09]} {[%emt 00:05:30]} Rd4 {[%clk
00:16:10]} {[%emt 00:05:46]} 22. Re1 {[%clk 00:13:20]} {[%emt 00:11:20]} Rc4
{[%clk 00:13:28]} {[%emt 00:03:12]} 23. Be5 {[%clk 00:10:33]} {[%emt 00:03:16]}
Bxe5 {[%clk 00:12:45]} {[%emt 00:01:14]} 24. Rxe5 {[%clk 00:10:56]} {[%emt
00:00:07]} Rd8 {[%clk 00:10:08]} {[%emt 00:03:07]} 25. a3 {[%clk 00:09:51]}
{[%emt 00:01:36]} g6 {[%clk 00:07:41]} {[%emt 00:02:56]} 26. Re2 {[%clk
00:08:26]} {[%emt 00:01:54]} Rcd4 {[%clk 00:06:50]} {[%emt 00:01:22]} 27. Ne4
{[%clk 00:07:32]} {[%emt 00:01:24]} Bf5 {[%clk 00:05:44]} {[%emt 00:01:36]} 28.
Nf6+ {[%clk 00:05:48]} {[%emt 00:02:14]} Kg7 {[%clk 00:04:53]} {[%emt
00:01:21]} 29. Nh5+ {[%clk 00:05:19]} {[%emt 00:00:59]} Kh6 {[%clk 00:04:25]}
{[%emt 00:00:58]} 30. Ng3 {[%clk 00:04:52]} {[%emt 00:00:57]} Be6 {[%clk
00:04:23]} {[%emt 00:00:30]} 31. Rc3 {[%clk 00:04:17]} {[%emt 00:01:07]} Rd1+
{[%clk 00:04:17]} {[%emt 00:00:36]} 32. Kh2 {[%clk 00:04:23]} {[%emt 00:00:23]}
Rb1 {[%clk 00:04:20]} {[%emt 00:00:28]} 33. b3 {[%clk 00:04:07]} {[%emt
00:00:46]} Ra1 {[%clk 00:04:29]} {[%emt 00:00:22]} 34. Ne4 {[%clk 00:03:44]}
{[%emt 00:00:52]} Rxa3 {[%clk 00:04:15]} {[%emt 00:00:45]} 35. Ree3 {[%clk
00:03:18]} {[%emt 00:00:56]} Ra1 {[%clk 00:04:15]} {[%emt 00:00:30]} 36. Nc5
{[%clk 00:03:19]} {[%emt 00:00:29]} Rd2 {[%clk 00:03:04]} {[%emt 00:01:40]} 37.
Nxe6 {[%clk 00:02:57]} {[%emt 00:00:52]} fxe6 {[%clk 00:03:29]} {[%emt
00:00:05]} 38. Rxe6 {[%clk 00:03:21]} {[%emt 00:00:06]} Rxf2 {[%clk 00:03:19]}
{[%emt 00:00:41]} 39. Re7 {[%clk 00:02:58]} {[%emt 00:00:52]} Ra2 {[%clk
00:03:08]} {[%emt 00:00:40]} 40. Rec7 {[%clk 00:02:33]} {[%emt 00:00:56]} Ra1
{[%clk 00:01:55]} {[%emt 00:01:43]} 41. Re7 {[%clk 00:01:45]} {[%emt 00:01:17]}
Ra2 {[%clk 00:02:19]} {[%emt 00:00:08]} 42. Rec7 {[%clk 00:02:09]} {[%emt
00:00:05]} Ra1 {[%clk 00:00:57]} {[%emt 00:01:53]} 43. Re7 {[%clk 00:01:28]}
{[%emt 00:01:11]} Ra2 {[%clk 00:01:15]} {[%emt 00:00:11]} 44. Rec7 {[%clk
00:01:40]} {[%emt 00:00:15]} 1/2-1/2

[Event "DEM U12 2025"]
[Site "Willingen GER"]
[Date "2025.06.08"]
[Round "1"]
[White "Gusev, Daniil"]
[Black "Dotschuweit, Erik"]
[Result "0-1"]
[Termination "normal"]
[Board "15"]
[WhiteElo "1890"]
[BlackElo "1676"]
[WhiteClock "00:38:13"]
[BlackClock "00:21:46"]
[PlyCount "54"]
[WhiteFideId "55683886"]
[BlackFideId "34610146"]
[EventCountry "GER"]
[EventRounds "9"]
[EventType "swiss"]
[EventDate "2025.06.07"]

1. e4 {[%emt 00:00:02]} c6 {[%clk 01:30:48]} {[%emt 00:00:11]} 2. d4 {[%clk
01:31:21]} {[%emt 00:00:08]} d5 {[%clk 01:31:06]} {[%emt 00:00:12]} 3. e5
{[%clk 01:31:39]} {[%emt 00:00:13]} c5 {[%clk 01:28:44]} {[%emt 00:02:51]} 4.
dxc5 {[%clk 01:30:38]} {[%emt 00:01:31]} Nc6 {[%clk 01:26:58]} {[%emt
00:02:17]} 5. Nf3 {[%clk 01:30:21]} {[%emt 00:00:47]} Bg4 {[%clk 01:25:01]}
{[%emt 00:02:26]} 6. h3 {[%clk 01:24:47]} {[%emt 00:06:04]} Bxf3 {[%clk
01:14:17]} {[%emt 00:11:14]} 7. Qxf3 {[%clk 01:25:02]} {[%emt 00:00:15]} Nxe5
{[%clk 01:10:59]} {[%emt 00:03:48]} 8. Bb5+ {[%clk 01:24:41]} {[%emt 00:00:52]}
Nc6 {[%clk 01:11:17]} {[%emt 00:00:11]} 9. Nc3 {[%clk 01:24:56]} {[%emt
00:00:16]} e6 {[%clk 01:10:00]} {[%emt 00:01:47]} 10. Be3 {[%clk 01:24:42]}
{[%emt 00:00:44]} Nf6 {[%clk 01:07:01]} {[%emt 00:03:28]} 11. O-O-O {[%clk
01:23:39]} {[%emt 00:01:34]} Be7 {[%clk 01:06:04]} {[%emt 00:01:26]} 12. Bd4
{[%clk 01:23:09]} {[%emt 00:01:00]} O-O {[%clk 01:05:01]} {[%emt 00:01:33]} 13.
Bxc6 {[%clk 01:23:34]} {[%emt 00:00:06]} bxc6 {[%clk 01:05:23]} {[%emt
00:00:07]} 14. g4 {[%clk 01:23:57]} {[%emt 00:00:08]} Nd7 {[%clk 01:04:31]}
{[%emt 00:01:21]} 15. Qe3 {[%clk 01:18:52]} {[%emt 00:05:35]} Re8 {[%clk
00:57:23]} {[%emt 00:07:39]} 16. f4 {[%clk 01:19:07]} {[%emt 00:00:14]} e5
{[%clk 00:55:34]} {[%emt 00:02:20]} 17. Bxe5 {[%clk 01:11:47]} {[%emt
00:07:49]} Nxe5 {[%clk 00:55:29]} {[%emt 00:00:35]} 18. Qxe5 {[%clk 01:09:51]}
{[%emt 00:02:26]} Bxc5 {[%clk 00:55:24]} {[%emt 00:00:35]} 19. Qf5 {[%clk
01:09:00]} {[%emt 00:01:21]} Re3 {[%clk 00:47:11]} {[%emt 00:08:43]} 20. g5
{[%clk 00:59:29]} {[%emt 00:10:01]} Qe7 {[%clk 00:34:50]} {[%emt 00:12:51]} 21.
Na4 {[%clk 00:53:09]} {[%emt 00:06:50]} Ba3 {[%clk 00:28:38]} {[%emt 00:06:42]}
22. c3 {[%clk 00:44:51]} {[%emt 00:08:49]} Bd6 {[%clk 00:22:51]} {[%emt
00:06:17]} 23. Rdf1 {[%clk 00:43:11]} {[%emt 00:02:10]} Re4 {[%clk 00:22:13]}
{[%emt 00:01:07]} 24. b3 {[%clk 00:41:56]} {[%emt 00:01:46]} Ba3+ {[%clk
00:22:24]} {[%emt 00:00:18]} 25. Kb1 {[%clk 00:41:34]} {[%emt 00:00:52]} Rxa4
{[%clk 00:21:33]} {[%emt 00:01:22]} 26. bxa4 {[%emt 00:04:11]} Rb8+ {[%clk
00:21:49]} {[%emt 00:00:11]} 27. Ka1 {[%clk 00:38:13]} {[%emt 00:00:14]} Qe2
{[%clk 00:21:46]} {[%emt 00:00:31]} 0-1